Random Marvel MCU Trivia - Statistics

General Stats
  • This quiz has been taken 3,443 times
  • The average score is 12 of 22
Answer Stats
Question Answer % Correct
Where is Wakanda located? Africa
95%
What Marvel comic legend has cameod in every Marvel film as of Endgame? Stan Lee
93%
Which Avenger does Loki briefly take the appearance of in Thor: The Dark World? Captain America
80%
Which infinity stone does Thanos last obtain? Mind Stone
77%
Whose house serves as a safe house in Age of Ultron? Hawkeye
76%
Which of the Guardians of the Galaxy did not appear in the first Guardians of the Galaxy movie? Mantis
71%
What does Ned claim to be watching when a teacher walks in on him helping Peter in Homecoming? Porn
69%
Who was Ant Man before Scott Lang? (Full name required.) Hank Pym
65%
What was Carol Danvers' occupation before she became Captain Marvel? Pilot
65%
What is the name of the villain from Ant Man? Yellow Jacket
61%
What do Hawkeye and Black Widow remember very differently? Budapest
60%
What is the name of Tony Stark's daughter? Morgan
59%
How does Yondu control the Yaka Arrow? Whistling
52%
What is the one thing on Earth that Pepper Potts is allergic to? Strawberries
50%
What is the name of the documents that regulate the activities of enhanced persons? The Sokovia Accords
47%
What is Sharon Carter's Agent Number? Agent 13
38%
In The Avengers post credits scene, what restaurant are the Avengers eating in? Shawarma
36%
What flower is the necklace Peter buys MJ designed after in Far From Home? Black Dahlia
31%
What is the first name of Peter Quill's mother? Meredith
23%
Mjölnir is made of metal from the heart of a dying star. What is this star called? Nidavellir
18%
What band is on Steve Rogers' to do list in Winter Soldier? Nirvana
13%
What is the wi-fi password handed to Doctor Strange? shamballa
11%
No matching quizzes found
Score Distribution
Percent of People with Each Score
Percentile by Number Answered
Your Score History
You have not taken this quiz